00780 2200301 4500001002100000005001500021035002000036007000300056040001600059100002300075245003900098250001100137300003800148020001800186041000800204082000800212084001400220090002200234264003400256336002100290337003000311338002300341650001100364850001000375008004100385504002900426990002300455INLIS00000000000457920260524082350 a0010-0122000211ta aSPBUPDbind0 aSagiranePengarang1 aMukjizat Gerakan Shalat /cSagiran aCet. 1 axxiv, 204 hal. :billus. ;c23 cm a979-3762-99-3 aind a201 a201 SAG m a174.4 DJO k 1 2.8 aJakarta :bQultumMedia,c2007 2rdacontentaTeks 2rdamediaaTanpa Perantara 2rdacarrieraVolume 4aIbadah aPUPAD260524 0  abibliografi, hlm 199-204 a5317/BR/ARPUS/2007